Online
Catalog

Artes y artesanias populares de Sacatepequez / (Record no. 11350)

MARC details
000 -CABECERA
campo de control de longitud fija 01079cam a2200253 i 4500
001 - NÚMERO DE CONTROL
campo de control 000011662
005 - FECHA Y HORA DE LA ÚLTIMA TRANSACCIÓN
campo de control 20200929162523.0
008 - DATOS DE LONGITUD FIJA--INFORMACIÓN GENERAL
campo de control de longitud fija 800813s1976 gt a b 000 0 spa
010 ## - NÚMERO DE CONTROL DE LA BIBLIOTECA DEL CONGRESO
Número de control de LC 80116150
040 ## - FUENTE DE LA CATALOGACIÓN
Centro catalogador/agencia de origen DO-SdBNP
Centro/agencia transcriptor DLC
Centro/agencia modificador DLC
043 ## - CÓDIGO DE ÁREA GEOGRÁFICA
Código de área geográfica ncgt---
050 00 - SIGNATURA TOPOGRÁFICA DE LA BIBLIOTECA DEL CONGRESO
Número de clasificación NK857.A57
Número de documento/Ítem D5
100 2# - ENTRADA PRINCIPAL--NOMBRE DE PERSONA
Nombre de persona Diaz Castillo, Roberto.
9 (RLIN) 27639
245 10 - MENCIÓN DE TÍTULO
Título Artes y artesanias populares de Sacatepequez /
Mención de responsabilidad, etc. Roberto Diaz Castillo ; fotos de Mauro Calanchina.
260 ## - PUBLICACIÓN, DISTRIBUCIÓN, ETC.
Lugar de publicación, distribución, etc. [Guatemala] :
Nombre del editor, distribuidor, etc. Universidad de San Carlos de Guatemala, Centro de Estudios Folkloricos,
Fecha de publicación, distribución, etc. c1976.
300 ## - DESCRIPCIÓN FÍSICA
Extensión 713 p. :
Otras características físicas ill. ;
Dimensiones 20 cm.
490 1# - MENCIÓN DE SERIE
Mención de serie Coleccion breve - Centro de Estudios Folkloricos ; v. 2
504 ## - NOTA DE BIBLIOGRAFÍA, ETC.
Nota de bibliografía, etc. Includes bibliographical references.
650 #0 - PUNTO DE ACCESO ADICIONAL DE MATERIA--TÉRMINO DE MATERIA
Término de materia o nombre geográfico como elemento de entrada Decorative arts
Subdivisión geográfica Guatemala
-- Antigua.
9 (RLIN) 27640
650 #0 - PUNTO DE ACCESO ADICIONAL DE MATERIA--TÉRMINO DE MATERIA
Término de materia o nombre geográfico como elemento de entrada Decorative arts
Subdivisión geográfica Guatemala
-- Sacatepequez.
9 (RLIN) 27641
700 1# - PUNTO DE ACCESO ADICIONAL--NOMBRE DE PERSONA
Nombre de persona Calanchina, Mauro.
9 (RLIN) 27642
810 1# - PUNTO DE ACCESO ADICIONAL DE SERIE--NOMBRE DE ENTIDAD CORPORATIVA
Nombre de entidad corporativa o nombre de jurisdicción como elemento de entrada Guatemala (City).
Unidad subordinada Universidad de San Carlos.
-- Centro de Estudios Folkloricos.
Título de la obra Coleccion breve - Centro de Estudios Folkloricos ;
Designación de volumen o secuencia v. 2.
9 (RLIN) 27643
910 ## - DATOS DE OPCIÓN DEL USUARIO (OCLC)
Datos de opción del usuario Catalogación derivada
Holdings
Estado de retiro Estado de pérdida Restricciones de uso No para préstamo Código de colección Localización permanente Ubicación/localización actual Ubicación en estantería Fecha de adquisición Número de inventario Total de préstamos Signatura topográfica completa Código de barras Fecha visto por última vez Precio válido a partir de Tipo de ítem Koha
    Préstamo interno Préstamo restrigido Monografías: Libros y Folletos General General En encuadernación 22.10.2009 LF1   11662-10 25.06.2020 25.06.2020 Préstamo interno

Powered by Koha